[Event "Match 79__120'/40"]
[Site "Zürich"]
[Date "2024.??.??"]
[Round "5"]
[White "Mephisto Explorer Pro"]
[Black "Mephisto Polgar sel. 5"]
[Result "0-1"]
[WhiteElo "2013"]
[BlackElo "1981"]
[Annotator "Utzinger,K"]
[PlyCount "157"]
[EventDate "2024.10.21"]
[EventType "match"]
[SourceVersionDate "2024.10.21"]

{[%evp 0,157,19,29,30,23,45,38,30,31,27,-21,4,7,56,61,62,54,59,35,32,28,112,48,55,54,39,41,48,50,175,44,30,-9,-16,-26,12,-27,-47,-54,-54,-48,-40,-64,-54,-54,-14,-93,-49,-66,-55,-54,-69,-104,-87,-105,-105,-101,-99,-132,-71,-86,-71,-87,0,-1,72,43,63,25,37,63,102,91,74,17,29,-75,92,79,90,3,-17,-31,-17,-22,-26,-25,7,0,-1,-2,-26,-26,17,11,-6,-90,-58,-88,-50,-56,-56,-30,-28,-136,-143,-145,-157,-150,-163,-169,-177,-181,-158,-179,-181,-188,-188,-210,-255,-250,-276,-276,-188,-196,-189,-188,-213,-395,-446,-455,-471,-471,-496,-498,-516,-516,-527,-530,-527,-1012,-1022,-1022,-1032,-1269,-1289,-1289,-28045,-1299,-1299,-1299,-1299,-29961,-29970,-29973,-29974,-29975,-29980,-29977]} 1. e4 e5 {Match 120'/40 | Bediener: Rolf Bühler | 5. Partie: Schwarz (Polgar) gewinnt | Zwischenstand: 2,5-2,5 (je 50%) Gleichstand / hypothetisch: 3,0-2,0 (60%) für Mephisto Explorer Pro | Eröffnung: Russische Verteidigung, Klassisch, Marshall Variante | Eine völlig unnötige Niederlage handelt sich der mit Weiss spielende Mephisto Explorer Pro ein. Das holländische Programm von Ed Schröder ist praktisch während der ganzen Partie am Drücker. Und 4x erreicht Weiss eine Gewinnstellung, aber ist leider ausserstande, daraus jeweils Nutzen zu ziehen. Nach 43 Zügen steht ein trotz weissem Mehrbauern ausgeglichenes Endspiel auf dem Brett. Mangelndes Wissen um die Kraft des Königs im Endspiel führt dann dazu, dass der Mephisto Explorer Pro dieses Endspiel noch in den Sand setzt, das Remis verpasst und gar noch verliert.} 2. Nf3 Nf6 3. Nxe5 d6 4. Nf3 Nxe4 5. d4 d5 6. Bd3 Bd6 7. O-O {***ENDE BUCH*** Bewertung Rems M-091024: = (0.28) (53% +8% =91% -1%)} O-O 8. c4 c6 9. Nc3 Nxc3 10. bxc3 Bg4 {***ENDE BUCH*** Bewertung Rems M-091024: = (0.30) (53% +6% =93% -1%)} 11. Rb1 {Einer der hier möglichen Fortsetzungen. Alternativen sind:} (11. h3 {die sofortige Befragung des Läufers} Bh5) (11. c5 {verhindert die Batterie Dc7/Ld6 gegen h2} Bc7 12. Re1 $14) (11. cxd5 {löst den Doppelbauern auf und möchte den schwarzen d5-Bauer zum Angriffsobjekt machen.} cxd5) 11... dxc4 12. Bxc4 Qc7 (12... b5 {ist wohl die genaueste Fortsetzung und auch die Wahl meiner Engine Rems 150824-avx2.} 13. Bd3 Nd7 14. Be4 Rc8 $11) 13. h3 Bh5 {Gegen 13...Lf5 sprach ebenso wenig etwas.} 14. Bd3 {[#]} Na6 $2 {[%mdl 2] ***VERLUSTZUG*** Nr. 1 bzw. ein taktischer Fehler, wofür die mangelnde Königssicherheit, die fehlende Rechentiefe oder falsche Stellungsbewertung verantwortlich ist.} 15. Bb2 $2 {Verpasst die ihm gewährte taktische Chance.} (15. Bxh7+ Kxh7 16. Ng5+ Kg6 17. g4 Bxg4 (17... f6 18. gxh5+ Kh6 19. Ne6+ {und gewinnt}) 18. Qxg4 f5 19. Qg2 Kf6 20. Nh7+ {noch stärker ist vielleicht 20.c4 usw.} Kf7 21. Nxf8 Rxf8 22. c4 {und gewinnt}) 15... Rae8 16. Qc2 $6 {Dieser die weisse Königsstellung schwächende Damenzug verdient kein Gütesiegel.} Bxf3 17. gxf3 g6 18. Rfe1 Qa5 19. Re4 Qg5+ 20. Kh1 Nc7 21. Bf1 ({Stärker ist} 21. Bc1 Qh5 22. Kg2 b6 23. Bc4 Kg7 $11) 21... b5 22. Rbe1 {Zu bevorzugen sind 22.c4 oder 22.Lc1 mit Ausgleich.} Qd5 $11 23. Bg2 $2 $17 {Aus "es steht gleich" wird es nun "Schwarz steht besser". Mit 23.Lc1 oder 23.c4 bliebe alles im Lot.} ({Rems 150824-avx2: 1)} 23. Bc1 Rc8 24. c4 Qf5 25. c5 Be7 26. Qb3 Bf6 27. Rf4 Qg5 28. h4 Qh5 29. Kg1 Bg7 30. Bh3 Rcd8 31. Rfe4 Bf6 32. Kg2 a5 33. Qa3 a4 34. Bf4 Ne8 35. Bd7 Ng7 36. Bxc6 Nf5 37. d5 Nxh4+ 38. Kg3 Nf5+ 39. Kg2 {[%eval 0,57] [%wdl 11,978,11]}) ({Rems 150824-avx2: 2)} 23. c4 Qf5 24. Bc1 Bb4 25. R1e2 Qxf3+ 26. Bg2 Qf6 27. c5 Rxe4 28. Qxe4 Qd8 29. Bf3 Bc3 30. Bf4 Qd7 31. Bxc7 Qxc7 32. Qxc6 Qxc6 33. Bxc6 Bxd4 34. Bxb5 Bxc5 35. Kg2 Bb6 36. Re8 Rxe8 37. Bxe8 Kg7 38. Ba4 Kf6 39. Bb3 Bc7 40. Kf3 Ba5 41. Kg3 Bd8 42. Kf3 Bc7 43. Bc4 Kg7 44. Bb5 Bb6 45. Ba4 Kf8 46. Bb3 Ke7 47. Kg3 Bc7+ 48. Kf3 f6 49. Bd5 Bb6 50. Bb3 Bc5 51. Kg2 Kd6 52. Kg3 Bd4 53. Bg8 h6 {[%eval -9,57] [%wdl 7,977,16]}) 23... Re6 ({Nach} 23... Qxa2 24. Ra1 Qd5 25. Rxa7 Ra8 26. Rxa8 Rxa8 {ist der positionelle Vorteil für Schwarz mit -+ (-2.69) (0%) (+0% =0% -100%) bereits entscheidend für unsere Engines, was auf dem Niveau unserer Oldies allerdings noch nicht viel zu bedeuten hat.}) 24. a4 a5 25. axb5 $2 {Das hilft nur dem Gegner, seine Stellung zu verbessern. Notwendig war es, am Damenflügel still zu halten und 25.Ta1 oder 25.Lc1 zu wählen.} cxb5 26. Ra1 Ra8 {Es gibt keinen Grund, die offene e-Linie zu "vernachlässigen". Deshalb war 26...a4 die bessere Wahl.} 27. Ba3 {Mit Turmtausch hätte sich Weiss etwas entlasten können. Nach dem Textzug vergrössert sich der schwarze Vorteil.} Bxa3 28. Rxa3 a4 29. Ra1 {Die Stellungsbewertung meiner besten Engine, Rems 150824-avx2, MultiPV=2, auf all meinen drei Notebooks, also im 2-Varianten-Modus, zeigt -+ (2.48) oder -+ (0%) (+0% =0% -100%) zugunsten von Schwarz.} f5 $2 {Gibt praktisch seinen gesamten Vorteil auf. Schwarz musste auf der c-Linie spielen mit 29...Tc8 oder 29...Taa6.} 30. Re3 {Droht Materialgewinn mit f3-f4 und Öffnung der weissen Läuferdiagonale.} (30. Rxe6 {scheint noch eine Spur genauer} Qxe6 31. f4 Rd8 32. d5 Qf6 33. Rb1 $11) 30... f4 {Die Freigabe des Feldes e4 ist nicht das Gelbe vom Ei.} 31. Re4 g5 32. Bf1 {[#]} Ree8 $2 {[%mdl 2] ***VERLUSTZUG*** Nr. 2} (32... Rxe4 $1 33. fxe4 Qb3 34. Qxb3+ axb3 35. Rb1 Kf8 36. Rxb3 (36. Kg2 Ra3 37. Be2 Ke7 38. Bd1 b2 39. Rxb2 Rxc3 $11) 36... Ra1 37. Kg1 f3 38. c4 Ne6 39. Rxf3+ Ke7 40. d5 Nd4 41. Re3 bxc4 42. Kg2 Rc1 $11) 33. c4 $1 Qc6 34. Rxe8+ (34. d5 $1 {gewinnt verlässlicher} Nxd5 35. Qa2 Rxe4 36. fxe4 Nc3 37. cxb5+ Nxa2 38. bxc6 Nc3 39. Rc1 Nxe4 40. c7 Nd6 41. Rd1 Rc8 42. Rxd6 Rxc7 43. Rd5 $18 {aber die Oldies müssten den Sieg noch erkämpfen.}) 34... Nxe8 35. Qf5 $6 {Nicht am besten.} (35. Kg2 $1 Nf6 36. Re1 Re8 37. Rb1 bxc4 38. Bxc4+ Kg7 39. Qf5 Qxc4 40. Rb7+ Qf7 {noch am besten} 41. Qxg5+ Kf8 42. Rxf7+ Kxf7 43. Qa5 $18) 35... bxc4 36. Qxg5+ {[#]} Ng7 $2 {[%mdl 2] ***VERLUSTZUG*** Nr. 3, denn 36...Kh8 hält die Stellung.} ({Rems M-091024-avx2:} 36... Kh8 {= (0.04) (50%) ST 63} 37. Rc1 c3 38. Qe5+ Qf6 39. Qe4 Rc8 40. Bd3 Qf7 41. Kh2 Nf6 42. Qf5 Rg8 43. Bc4 Qxc4 44. Qxf6+ Rg7 45. d5 Qc5 46. Rc2 Qe7 47. Qxe7 Rxe7 48. Rxc3 Re2 49. Kg2 Rd2 50. Ra3 Rxd5 51. Rxa4 Rg5+ 52. Kh2 Rf5 53. h4 Kg7 54. Ra7+ Rf7 55. Ra5 Kg6 56. Rg5+ Kf6 57. Rb5 Rd7 58. Rb6+ Kf5 59. Rb4 Rd2 60. Rb5+ Kg6 61. Kg1 Rd7 62. Rg5+ Kf6 63. Ra5 Rd4 64. Kh2 Rd2 65. Kg2 Rd4 66. Ra2 Rd5 67. Ra4 Rf5 68. Ra6+ Kg7 69. Kh3 h5 70. Ra7+ Kf6 71. Kg2 Rc5 72. Ra4 Rf5 73. Ra6+ Kg7 74. Ra7+ Kf6 75. Rc7 Kg6 76. Rc4 {[%eval 4,63] [%wdl 6,990,4]}) 37. Qxf4 $2 {Geht am Gewinn mit 37.d5 vorbei.} ({Rems M-091024-avx2:} 37. d5 {+- (3.12 (100%) ST 57} Qd7 38. d6 Qxd6 39. Bxc4+ Kh8 40. Rg1 Qf8 41. Rg4 a3 42. Qe5 a2 43. Rg1 a1=Q 44. Rxa1 Re8 45. Qg5 Qe7 46. Qg4 Rd8 47. Rg1 Qd7 48. Qh4 Rf8 49. Bb3 Qc6 50. Qg4 Qf6 51. Bc2 Qe7 52. Kh2 Ne8 53. Bb3 Ng7 54. Bd5 Qf6 55. Be4 Ne6 56. Bb1 Qh6 57. Ba2 Ng7 58. Qd7 Qf6 59. Bb1 Qf7 60. Qd4 Qf6 61. Qe4 Nf5 62. Rg4 Qd4 63. Qc2 Qf6 64. Rxf4 Qd6 65. Qe4 Rf7 66. Kh1 Qd1+ 67. Kg2 Rg7+ 68. Rg4 Nh4+ 69. Kg3 Ng6 70. Qa8+ Rg8 71. Qa1+ Rg7 72. Kh2 Qd6+ 73. f4 Kg8 74. Bxg6 hxg6 75. Qa8+ Qf8 {[%eval 312,57] [%wdl 1000,0,0]}) 37... Rc8 38. Qe4 {[#]} Qb5 $2 {[%mdl 2] ***VERLUSTZUG*** Nr. 4; Damentausch und Vormarsch des c-Bauern genügt Schwarz für den Ausgleich.} (38... Qxe4 39. fxe4 c3 40. Bd3 (40. Rc1 $2 a3 $19) 40... c2 41. Bxc2 Rxc2 42. Rxa4 Rxf2 $11) 39. Rb1 $2 $11 {Und erneut kann der Mephisto Explorer Pro den gegnerischen nicht ausnützen und verpasst 39.d5! mit Gewinn.} Qc6 $2 $16 {Und schon gerät Schwarz wieder in Schieflage.} 40. Rb8 $6 $11 {Nur mit 40.d5! konnte Weiss die gegnerische Ungenauigkeit bestrafen.} Qxe4 41. Rxc8+ Qe8 42. Rxe8+ Nxe8 43. Bxc4+ Kg7 $11 {Weiss hat 2 Bauern mehr, wobei der Doppelbauer auf der f-Linie eigentlich nicht zählt, so dass man nur von einem echten Mehrbauern reden muss. Die Engines bewerten die Stellung als ausgeglichen. Das ist auch logisch, denn mit einem schwarzen König auf f6 und dem Springer auf d6 lassen sich die weissen Freibauern bequem aufhalten. Und sollte der weisse König auf den schwarzen a-Bauern losgehen, kann sich der gegnerische König an einem der weissen Bauern revanchieren. Und unter Umständen kann der schwarze Springer gar den Vormarsch seines a-Bauern unterstützen.} 44. Ba2 Nd6 45. Kg2 Nb5 46. d5 {Erzwungen, nun aber ist die Beweglichkeit des Läufers eingeschränkt und der d-Bauer gefährdet.} Kf7 47. Bc4 Nc3 48. d6+ Ke8 49. f4 a3 50. f5 a2 51. Bxa2 Nxa2 {Jetzt ist der weisse Läufer verschwunden und Weiss muss achtgeben, dass er die Partie nicht noch verliert. Weiss hätte endlich daran denken müssen, dass der eigene König im Endspiel eine starke Figur ist und nun in den Kampf eingreifen sollte.} {[#]} 52. f6 $2 $19 {[%mdl 32768] ***VERLUST*** Nr. 1: Damit wendet sich das Blatt auf einen Schlag zugunsten von Schwarz.} Nc3 53. Kf3 Nb5 54. Ke4 Nxd6+ {Damit ist der Kampf entschieden. Weiss kann nicht verhindern, dass all seine Bauern erobert werden.} 55. Kd5 Nb5 56. Ke6 Nd4+ 57. Ke5 Nb3 58. Ke6 Nc5+ 59. Kd5 Nd3 60. f3 Kf7 61. Kd4 Nf4 62. Ke4 Nxh3 63. Kf5 Kg8 64. Ke6 Ng5+ 65. Kf5 Nxf3 66. Kf4 Nh4 67. Kg4 Ng6 68. Kg5 Kf7 69. Kh5 Kxf6 70. Kh6 Nf8 71. Kh5 Kf5 72. Kh4 Kg6 73. Kg3 Kg5 74. Kf3 Ne6 75. Ke4 Kg4 76. Ke3 Kg3 77. Kd2 h5 78. Ke2 h4 79. Ke3 {***AUFGEGEBEN***} 0-1

[Event "Match 79__120'/40"]
[Site "Zürich"]
[Date "2024.??.??"]
[Round "6"]
[White "Mephisto Polgar sel. 5"]
[Black "Mephisto Explorer Pro"]
[Result "1/2-1/2"]
[WhiteElo "1981"]
[BlackElo "2013"]
[Annotator "Utzinger,K"]
[PlyCount "122"]
[EventDate "2024.10.21"]
[EventType "match"]
[SourceVersionDate "2024.10.21"]

{[%evp 0,122,19,38,25,16,13,37,33,32,32,9,20,-19,53,41,14,13,20,41,41,46,61,53,55,52,77,63,65,63,60,57,53,57,36,44,87,62,64,80,94,94,127,105,134,111,114,96,129,93,93,135,135,162,112,0,0,0,-7,-29,-29,-33,-33,-33,-33,-40,-40,-23,2,-23,0,0,0,-23,90,111,138,44,118,95,98,92,98,98,218,250,243,152,272,272,200,172,244,320,480,467,497,511,511,91,91,122,133,133,137,125,110,118,118,73,97,74,58,58,58,61,83,96,95,61,83,94,94,61,94]} 1. e4 e5 {Match 120'/40 | Bediener: Rolf Bühler | 6. Partie: Remis | Zwischenstand: 3,0-3,0 (je 50%) Gleichstand / hypothetisch: 3,0-3,0 (50%) Gleichstand | Eröffnung: Russische Verteidigung, Klassisch, Jänisch Variante | Nach Buchende begeht Schwarz (Explorer Pro) einige kleine Ungenauigkeiten und gerät dadurch in Nachteil. Und mit 23...Dxa2 stolpert er das erste Mal in eine verlorene Stellung. Da die Partie auch in der Folge für beide Programme zu komplex ist, sind weitere Fehler unvermeidlich. Dabei ist es aber stets der Mephisto Explorer Pro, der sich noch zweimal in eine Verluststellung manövriert. Aber der ebenfalls überforderte Mephisto Polgar kann den Sack nie zumachen und gibt sich am Ende mit einer dreifachen Zugwiederholung zufrieden.} 2. Nf3 Nf6 3. Nxe5 d6 4. Nf3 Nxe4 5. d4 d5 6. Bd3 Be7 7. O-O Nc6 {***ENDE BUCH*** Bewertung Rems M-091024: = (0.22) (53%) (+7% =92% -2%)} 8. c4 Nb4 9. cxd5 {Wer den Angriffsläufer nicht hergeben will, der entscheidet sich für 9.Le2. Ein Tempo geht damit nicht wirklich verloren, denn der Sb4 wird bald den Rückzug antreten müssen.} (9. Be2 O-O 10. Nc3 Bf5 11. a3 Nxc3 12. bxc3 Nc6 $11 {½-½ (72) Sjugirov,S (2703)-Yu,Y (2714) Sharjah 2023}) 9... Nxd3 10. Qxd3 {***ENDE BUCH*** Bewertung Rems M-091024: = (0.00) (50%) (+2% =96% -2%)} Nd6 {Eine interessante Fortsetzung anstelle des üblichen 10...Dxd5. Die Felder b5 und b7 werden überdeckt. Auch kann Schwarz allenfalls mit Tempogewinn ...Lf5 entwickeln.} (10... Qxd5 {ist die Hauptfortsetzung} 11. Re1 Bf5 12. g4 Bg6 13. Nc3 Nxc3 14. Qxc3 f6 15. Bf4 Kf7 16. h4 h5 17. Qxc7 Rhe8 18. Ng5+ fxg5 19. Bxg5 Kg8 20. Bxe7 Qxd4 21. gxh5 Bxh5 22. Qe5 Qg4+ 23. Qg3 Rac8 24. Qxg4 Bxg4 25. Bb4 Be2 26. Rac1 {½-½ (26) Radjabov,T (2761)-Kramnik,V (2759) Nice 2009}) 11. Bf4 O-O 12. Qb3 Re8 13. Nbd2 $6 {Auf c3 stünde der Springer wesentlich besser.} a5 14. Rac1 a4 ({Oder} 14... Bf5 15. Rfe1 a4 16. Qb4 Bf8 17. Rxe8 Qxe8 18. Bxd6 Bxd6 19. Qxb7 Rb8 20. Qc6 Qxc6 21. dxc6 Rxb2 $14) 15. Qc2 g5 16. Bg3 g4 {Hier war 16...Lf5 besser, wonach die Engine eine Variante ausspuckt, die zum Ausgleich führen soll.} (16... Bf5 17. Qc3 g4 18. Ne5 Nb5 19. Qc4 Nd6 20. Qxc7 f6 21. Qxd8 Raxd8 22. Nec4 Nb5 $11) 17. Ne5 Bg5 {Besser ist:} (17... Ra5 18. f3 (18. Qxc7 Qxc7 19. Rxc7 Rxd5 $11) 18... Nf5 19. Ne4 gxf3 20. Nxf3 Nxg3 21. Nxg3 Rxd5 22. Qxa4 c5 23. dxc5 Bxc5+ 24. Kh1 b5 $11) 18. f4 gxf3 $6 {Nach diesem Tausch wird es für Schwarz wieder schwierig. Wesentlich natürlich war 18...Lf5 mit Entwicklung.} 19. Nexf3 Be3+ 20. Kh1 Nf5 21. Qxc7 Qxd5 22. Rfe1 ({Noch stärker ist} 22. Rc5 Qd7 23. Nc4 Bh6 (23... Bxd4 24. Nxd4 Qxc7 25. Bxc7 Nxd4 26. Rg5+ Kh8 27. Nd6 $18) 24. d5 Qxc7 25. Bxc7 Re2 26. d6 Rc2 27. Bb6 Be6 28. Rd1 $18) 22... a3 23. Rc5 {Die Lage ist kompliziert, aber die Engines bevorzugen klar 23.bxa3 mit folgender Bewertung: +- (2.05 ++) (99%) (+99% =1% -0%) Depth: 44/80} {[#]} Qxa2 $2 {[%mdl 2] Damit rutscht Schwarz in eine verlorene Stellung. Mehr Widerstand leistet 23...Dd7.} 24. Rxe3 {Genügt für den Gewinn, aber 24.bxa3 war noch stärker.} Rxe3 25. Qd8+ Kg7 26. Be5+ $2 {Vergibt den Sieg.} (26. Qg5+ Kh8 27. Qf6+ Kg8 28. Be5 Rxe5 29. Rxe5 Bd7 30. bxa3 Qa1+ 31. Ng1 Qxa3 32. Nc4 Qc1 33. Nd6 Nxd6 34. Rg5+ Qxg5 (34... Kf8 35. Qxd6+ Ke8 36. Rg8#) 35. Qxg5+ Kf8 36. Qf6 $18) 26... Rxe5 27. dxe5 $6 {Nur mit 27.Txe5 oder 27.Dg5+ verbleibt Weiss noch mit einem leichten Vorteil.} axb2 28. Rxc8 b1=Q+ 29. Nxb1 Qxb1+ 30. Ng1 Rxc8 31. Qxc8 Qe4 32. Nf3 Ne3 33. Qc3 Kg6 34. Qc8 Qb1+ 35. Ng1 Kg7 36. Qc3 Nd1 37. Qf3 Kg8 38. Qf6 Qd3 39. e6 fxe6 40. Qxe6+ Kg7 41. Qe7+ {[#]} Kg6 $2 $18 {[%mdl 2] Schwarz stolpert erneut in eine verlorene Stellung, aber das ist viel zu tief für unsere Oldies.} (41... Kg8 $1 {und alles bleibt im Lot} 42. Ne2 Nf2+ 43. Kg1 Ne4 $11) 42. Ne2 {Da nun die tödliche Gabel Sf4+ droht, hat Schwarz die Verteidigung mit ...Sf2+ nebst ...Se4 nicht zur Verfügung.} Qb3 43. Ng3 $2 {Aber fast erwartungsgemäss findet der Mephisto Polgar den Sieg nicht.} (43. h4 $1 h6 44. h5+ Kxh5 45. Qf6 Qc2 46. Nf4+ Kg4 47. Nh3 Qe4 48. Qg7+ Kf5 49. Qd7+ Kf6 50. Qxd1 $18) {[#]} 43... Nf2+ $2 {[%mdl 2] Umgekehrt findet der Mephisto Explorer Pro nicht die richtige Verteidigung mit 43...Dd5 oder 43...Se3 und sollte wieder verlieren.} 44. Kg1 Nd1 45. Qd6+ Kf7 46. Nf5 Nc3 47. Qe7+ Kg6 48. Nh4+ {Bis jetzt hat Weiss alles richtig gemacht und befindet sich auf dem Gewinnpfad.} Kh6 49. Qf8+ $2 {Gewinn ade nach diesem Fehler. Weiss musste für seinen König ein Luftloch schaffen.} (49. h3 Qb6+ 50. Kh2 Nd5 51. Qf8+ Kh5 52. Qf3+ Kh6 53. Nf5+ Kg5 54. Qxd5 $18) 49... Kh5 50. Qf5+ Kh6 51. Qf6+ Kh5 52. h3 {Zu spät öffnet Weiss seinem König ein Luftloch.} Ne2+ 53. Kf2 Ng3 54. Qe5+ Kxh4 55. Qe7+ Kh5 56. Qxh7+ Kg5 57. Qg7+ Kf4 58. Qg4+ Ke5 59. Qg7+ (59. Qxg3+ {War noch ein Gewinnversuch wert, denn da könnte der im Endspiel schwache Mephisto Explorer Pro noch stolpern.} Qxg3+ 60. Kxg3 b5 61. Kf3 Kd4 $1 (61... b4 $2 62. Ke3 $18) 62. Ke2 Kc3 $1 (62... b4 63. Kd2 $18) 63. Kd1 Kb2 $1 (63... b4 $2 64. Kc1 $18) 64. h4 b4 65. h5 b3 66. h6 Ka2 67. h7 b2 68. h8=Q b1=Q+ 69. Ke2 Qe4+ 70. Kf2 {mit einem Mehrbauern, aber Remis.}) 59... Kf4 60. Qg4+ Ke5 61. Qg7+ Kf4 {***3x REMIS***} 1/2-1/2